Comparing welfare states: towards a gender friendly approach /

Guardado en:
Bibliografiske detaljer
Hovedforfatter: Daly, Mary
Format: Texto
Tags: Tilføj Tag
Ingen Tags, Vær først til at tagge denne postø!

MARC

LEADER 00000 a a2200000 04500
001 44744
003
040
100 |a Daly, Mary  
245 |a Comparing welfare states:   |b towards a gender friendly approach /  |c Mary Daly  
773 |g páginas 101-117  
999 |c 20795  |d 20795